00799nam a2200145Ia 4500008004100000020001800041100007200059245018000131260002700311650002200338650013200360856005200492999001900544952009000563171212s9999 xx 000 0 und d a9780833076946 aKeller, Kirsten M.;Yeung, Douglas;Baiocchi, Dave;Welser IV, William cKeller, Kirsten M.;Yeung, Douglas;Baiocchi, Dave;Welser IV, WilliamaFacilitating Information Sharing Across the International Space CommunitybLessons from Behavioral Science bRAND Corporationc2013 aPolitical Science aSpace debris -- International cooperation; United States. Strategic Command (2002-); Communication -- International cooperation uhttp://www.jstor.org/stable/10.7249/j.ctt5hhw06 c352067d352067 001040aCLbCLd2017-12-12l0oTL1499.K45 2013r2017-12-12 00:00:00w2017-12-12yCBE